000 00309nam a22001337a 4500
008 180123b xxu||||| |||| 00| 0 eng d
020 _a9780135587928
041 _aeng
080 _a316
100 _a50
101 _aSOC
245 _aMarriages and families coping with change
_cCargan,L
942 _2udc
_cBK
999 _c40747
_d40747